[Event "Bad Woerishofen op 17th"]
[Site "Bad Woerishofen"]
[Date "2001.??.??"]
[Round "8"]
[White "Malzer, Werner"]
[Black "Proksch, Guenter"]
[Result "0-1"]
[WhiteElo "1854"]
[BlackElo "2079"]
[PlyCount "80"]
[EventDate "2001.03.15"]
[EventType "swiss"]
[EventRounds "9"]
[EventCountry "GER"]
[SourceTitle "CBM 081 Extra"]
[Source "ChessBase"]
[SourceDate "2001.05.06"]
[SourceVersion "1"]
[SourceVersionDate "2001.05.06"]
[SourceQuality "1"]

1. e4 c5 2. Nf3 e6 3. d4 cxd4 4. Nxd4 Nf6 5. Bd3 Nc6 6. Nxc6 dxc6 7. 0-0 e5 8. h3 Be6 9. Bg5 Be7 10. Nd2 Qc7 11. Qe2 h6 12. Bh4 0-0 13. Bg3 Nd7 14. Bc4 Bxc4 15. Nxc4 Bc5 16. Rad1 Rad8 17. Rd2 f6 18. Rfd1 Nb6 19. c3 Rxd2 20. Rxd2 Rd8 21. Rxd8+ Qxd8 22. b4 Bf8 23. Ne3 Kh7 24. h4 c5 25. a3 cxb4 26. axb4 Qc8 27. Qd3 Qd7 28. Nd5 Nxd5 29. exd5+ Kg8 30. f3 b5 31. Bf2 a6 32. Bc5 Bd6 33. Kf1 Qc7 34. Qe3 f5 35. Bxd6 Qxd6 36. Qc5 Qxc5 37. bxc5 Kf7 38. Ke2 a5 39. Kd2 a4 40. Kc2 e4 0-1